000
00293nam a22001337a 4500
008
171201b xxu||||| |||| 00| 0 eng d
020
_a
557484001
041
_a
eng
080
_a
32
100
_a
18
101
_a
SHP
245
_a
WORLD POPULATION AND DEVELOPMENT
_c
HAUSER
942
_2
udc
_c
BK
999
_c
38707
_d
38707